| 000 | 00665nam a2200229Ia 4500 | ||
|---|---|---|---|
| 003 | OSt | ||
| 005 | 20220918200300.0 | ||
| 006 | a|||||r|||| 00| 0 | ||
| 007 | ta | ||
| 008 | 220917b |||||||| |||| 00| 0 eng d | ||
| 024 | _a88,149 | ||
| 037 | _cTextual | ||
| 040 |
_aARTS _cARTS _beng |
||
| 041 |
_2eng _aeng |
||
| 082 | _aT4-9(Y4):894:1N48.N83, M0 | ||
| 245 | 0 | _aAwards for commonwealth university academic staff 1981--1983 | |
| 260 |
_aLondon _bAssociation of commonwealth universities _c1980 |
||
| 300 |
_a210p. _ccm. |
||
| 650 | _aHIGHER EDUCATION | ||
| 942 |
_hT4-9(Y4):894:1N48.N83, M0 _cTEXL _2CC |
||
| 999 |
_c211839 _d211839 |
||